000 01449nam0a2200313 4500
001 RU\NLR\bibl\541980
005 20260407101243.0
010 _a5-7045-0353-5
_9500
035 _a(NLR Aleph) 000534215
090 _a1372349
_c1372349
100 _a20040726d2003 |||y0rusy50 ca
101 0 _arus
102 _aRU
105 _aa |||||||||
200 1 _aIII конгресс педиатров-нефрологов России, 2-4 дек. 2003, Санкт-Петербург
_e(Материалы конгр.)
210 _aСПб.
_cСПбГПМА
_d2003
215 _a177, [1] с.
_cил.
_d29
300 _aВ надзаг.: Упр. орг. мед. помощи матерям и детям Здравоохранения Рос. Федерации, С.-Петерб. гос. педиатр. мед. акад., Науч. центр здоровья детей РАМН и др.
320 _aБиблиогр. в конце ст.
606 0 _aНефрология детского возраста
_jСъезды, совещания и т.п.
_91700671
_3RU\NLR\auth\66756998
686 _aР733.414я431(2)
686 _aР733.696я431(2)
710 1 2 _aКонгресс педиатров-нефрологов России
_d3
_f2003
_eСанкт-Петербург
_3RU\NLR\AUTH\8810055638
_9611918
801 0 _aRU
_bNLR
_c20040726
_gPSBO
801 1 _aRU
_bNLR
_c20040726
942 _cBOOK
980 _aNB